000 00809nam a22002657a 4500
001 BR9804431
003 BR-BrBNA
005 20230928100002.0
007 ta
008 230509b bl.||||| |||| 00| 0 por d
040 _aBR-BrBNA
_bpor
_cBiblioteca Nacional de Agricultura
041 _a(Por)
072 _aU10
090 _ U10 BR9804431
100 1 _aSouza, G. da S. e
110 1 _aEmpresa Brasileira de Pesquisa Agropecuaria, Brasilia, DF (Brasil). Secretaria de Administracao Estrategica
_93863
245 1 _aIntroducao aos modelos de regressao linear e nao-linear
260 3 _aBrasilia, DF (Brasil):
_bEMBRAPA/SPI,
_c1998.
300 _a489 p.
500 _a11 ref.
650 _aModelo Matematico
650 _aAnalise Estatistica
909 _a202309
_bLucia
_c55
_dLucia Elande
942 _cBK
999 _c59743
_d59743